| 000 | 00395cam a22001217a 4500 | ||
|---|---|---|---|
| 008 | 180718b1995 xxu||||| |||| 00| 0 eng d | ||
| 082 | _aA75 Or4G | ||
| 245 |
_aOrissa district gazetteers, Ganjam _cedited by Nrusinha Charan Behuria |
||
| 260 |
_aBhubaneswar _bGazetteers Unit, Department of Revenue _c1995 |
||
| 300 | _a1016+p. | ||
| 650 | _aOrissa - Gazetteers | ||
| 700 | _aBehuria, Nrusinha Charan | ||
| 999 |
_c486284 _d486284 |
||